书目信息 |
| 题名: |
我在美国当警察
|
|
| 作者: | 石子坚 著 | |
| 分册: | ||
| 出版信息: | 天津 天津人民出版社 2004.12 |
|
| 页数: | 322页, [16] 页图版 | |
| 开本: | 21cm | |
| 丛书名: | ||
| 单 册: | ||
| 中图分类: | I712.55 | |
| 科图分类: | ||
| 主题词: | 纪实文学--美国--现代 | |
| 电子资源: | ||
| ISBN: | 7-201-04917-8 | |
| 000 | 00779nam0 2200229 450 | |
| 001 | 192004000931 | |
| 005 | 20070905095742.79 | |
| 010 | @a7-201-04917-8@dCNY22.00 | |
| 100 | @a20070531d2004 km y0chiy0121 ea | |
| 101 | 0 | @achi |
| 102 | @aCN@b120000 | |
| 105 | @aacf z 000zy | |
| 200 | 1 | @a我在美国当警察@Awo zai mei guo dang jing cha@f(美) 石子坚著 |
| 210 | @a天津@c天津人民出版社@d2004.12 | |
| 215 | @a322页, [16] 页图版@c图, 肖像@d21cm | |
| 300 | @a一个真实版的新警察故事 | |
| 330 | @a本书是一个富于传奇色彩的真实故事。一位中国警察离妻别女,远渡重洋,带着200美元去华盛顿大学艰难求学,获得刑侦硕士学位后却被美国教授泼冷水…… | |
| 606 | 0 | @a纪实文学@y美国@z现代 |
| 690 | @aI712.55@v4 | |
| 701 | 0 | @a石子坚@Ashi zi jian@4著 |
| 801 | 0 | @aCN@c20070905 |
| 905 | @dI712.55@eS556 | |
| 我在美国当警察/(美) 石子坚著.-天津:天津人民出版社,2004.12 |
| 322页, [16] 页图版:图, 肖像;21cm |
| 一个真实版的新警察故事 |
| ISBN 7-201-04917-8:CNY22.00 |
| 本书是一个富于传奇色彩的真实故事。一位中国警察离妻别女,远渡重洋,带着200美元去华盛顿大学艰难求学,获得刑侦硕士学位后却被美国教授泼冷水…… |
| ● |
| 相关链接 |
|
|
|
正题名:我在美国当警察
索取号:I712.55/S556
 
预约/预借
| 序号 | 登录号 | 条形码 | 馆藏地/架位号 | 状态 | 备注 |
| 1 | 623980 | 206239809 | 社科二线422/422社科库 32排2列5层/ [索取号:I712.55/S556] | 在馆 | |
| 2 | 623981 | 206239818 | 文学库116/116文学库 30排1列4层/ [索取号:I712.55/S556] | 在馆 | |
| 3 | 623982 | 206239827 | 文学库116/116文学库 30排1列4层/ [索取号:I712.55/S556] | 在馆 |